[Event "Police Gniota Memorial 30th"]
[Site "Police"]
[Date "2015.07.14"]
[Round "8"]
[White "Jacek, Roksana"]
[Black "Jacek, Krystian"]
[Result "1/2-1/2"]
[WhiteElo "1904"]
[BlackElo "2172"]
[PlyCount "28"]
[EventDate "2015.07.08"]
[EventType "swiss"]
[EventRounds "9"]
[EventCountry "POL"]
[SourceTitle "CBM 167 Extra"]
[Source "ChessBase"]
[SourceDate "2015.09.14"]
[SourceVersion "1"]
[SourceVersionDate "2015.09.14"]
[SourceQuality "1"]

1. e4 c5 2. c3 Nf6 3. e5 Nd5 4. d4 cxd4 5. Nf3 Nc6 6. Bc4 Nb6 7. Bb3 d5 8. exd6 Qxd6 9. 0-0 Bf5 10. Nxd4 Nxd4 11. cxd4 e6 12. Nc3 Be7 13. Be3 0-0 14. Qf3 Qd7 1/2-1/2

[Event "Police Gniota Memorial 30th"]
[Site "Police"]
[Date "2015.07.13"]
[Round "7"]
[White "Jacek, Krystian"]
[Black "Maetzkow, Maximilian Paul"]
[Result "1/2-1/2"]
[WhiteElo "2172"]
[BlackElo "1995"]
[PlyCount "116"]
[EventDate "2015.07.08"]
[EventType "swiss"]
[EventRounds "9"]
[EventCountry "POL"]
[SourceTitle "CBM 167 Extra"]
[Source "ChessBase"]
[SourceDate "2015.09.14"]
[SourceVersion "1"]
[SourceVersionDate "2015.09.14"]
[SourceQuality "1"]

1. e4 e6 2. Nf3 d5 3. Nc3 dxe4 4. Nxe4 Nd7 5. d4 Ngf6 6. Ng3 c5 7. c3 Be7 8. Bd3 0-0 9. 0-0 b6 10. Re1 Bb7 11. Qe2 Qc7 12. Ne5 cxd4 13. cxd4 Rfd8 14. Bf4 Nxe5 15. Bxe5 Qc6 16. f4 Rac8 17. f5 Bd6 18. Rad1 Bxe5 19. dxe5 Ng4 20. Kh1 Qa4 21. h3 Nh6 22. f6 Qh4 23. Be4 Bxe4 24. Nxe4 Nf5 25. Qg4 Qxg4 26. hxg4 Rxd1 27. Rxd1 Ne3 28. Nd6 Nxd1 29. Nxc8 Nxb2 30. Nxa7 Nd3 31. Nc6 gxf6 32. exf6 Nf2+ 33. Kg1 Nxg4 34. Ne7+ Kf8 35. Nc8 Nxf6 36. Nxb6 Ke7 37. Nc4 Ne4 38. Kf1 Nc5 39. Ke2 f6 40. Kd2 e5 41. Kc3 Kd7 42. Ne3 Kc6 43. Kc4 Ne4 44. a4 Nd6+ 45. Kb4 f5 46. a5 f4 47. Ng4 e4 48. Ne5+ Kd5 49. a6 Nc8 50. Ng4 f3 51. gxf3 exf3 52. Nh2 f2 53. Kc3 Ke4 54. Kd2 Kf4 55. Ke2 Kg3 56. Nf1+ Kg2 57. Ne3+ Kg1 58. Kf3 f1Q+ 1/2-1/2

[Event "Police Gniota Memorial 30th"]
[Site "Police"]
[Date "2015.07.12"]
[Round "6"]
[White "Czuchnicki, Adam"]
[Black "Jacek, Krystian"]
[Result "1-0"]
[WhiteElo "2022"]
[BlackElo "2172"]
[PlyCount "75"]
[EventDate "2015.07.08"]
[EventType "swiss"]
[EventRounds "9"]
[EventCountry "POL"]
[SourceTitle "CBM 167 Extra"]
[Source "ChessBase"]
[SourceDate "2015.09.14"]
[SourceVersion "1"]
[SourceVersionDate "2015.09.14"]
[SourceQuality "1"]

1. d4 Nf6 2. c4 d6 3. Nc3 Nbd7 4. Nf3 e5 5. Bg5 Be7 6. e3 0-0 7. Bd3 Re8 8. 0-0 c6 9. Qc2 Qc7 10. b4 Nf8 11. h3 h6 12. Bh4 Nh5 13. g4 exd4 14. Bxe7 Qxe7 15. Nxd4 Qh4 16. Bf5 Bxf5 17. Nxf5 Qxh3 18. gxh5 Re5 19. Ng3 g6 20. Nce2 g5 21. Nd4 Nh7 22. Ndf5 Rae8 23. f3 Nf6 24. Qg2 Qxg2+ 25. Kxg2 Kh7 26. Nxd6 R8e6 27. Ndf5 Nxh5 28. Nxh5 Rxf5 29. e4 Rfe5 30. Ng3 Kg6 31. Rh1 a5 32. a3 c5 33. bxa5 Ra6 34. Rab1 Rxa5 35. Rxb7 Rxa3 36. Rb6+ Re6 37. Rb5 Rd6 38. Rxh6+ 1-0

[Event "Lazy op 10th"]
[Site "Lazy"]
[Date "2014.06.29"]
[Round "1"]
[White "Jacek, Krystian"]
[Black "Sawicki, Mikolaj"]
[Result "1-0"]
[WhiteElo "2148"]
[BlackElo "1965"]
[PlyCount "99"]
[EventDate "2014.06.29"]
[EventType "swiss"]
[EventRounds "9"]
[EventCountry "POL"]
[SourceTitle "CBM 161 Extra"]
[Source "ChessBase"]
[SourceDate "2014.08.29"]
[SourceVersion "1"]
[SourceVersionDate "2014.08.29"]
[SourceQuality "1"]

1. e4 b6 2. d4 Bb7 3. Nc3 e6 4. Bd3 c5 5. Nf3 cxd4 6. Nxd4 Bb4 7. 0-0 Nc6 8. Be3 Nge7 9. Qg4 Ng6 10. Nxc6 Bxc6 11. f4 Qh4 12. Qe2 0-0 13. Nb5 d5 14. Nd4 dxe4 15. Nxc6 exd3 16. Qxd3 Bc5 17. Bxc5 bxc5 18. Qd6 Qf6 19. c3 Qf5 20. Rad1 h6 21. Rd2 Rfc8 22. Ne5 Nxe5 23. fxe5 Qe4 24. Rdf2 Qg6 25. Rxf7 Qxf7 26. Rxf7 Kxf7 27. Qd7+ Kf8 28. Qxe6 c4 29. Kf2 Rab8 30. Ke3 Re8 31. Qd6+ Kg8 32. Qd5+ Kh8 33. Ke4 Rxb2 34. Qxc4 Rxg2 35. h3 Rg5 36. e6 Rh5 37. Qc6 Rh4+ 38. Ke5 Re7 39. Qd6 Rh5+ 40. Ke4 Rh4+ 41. Kf3 Re8 42. Qd7 Rf8+ 43. Qf7 Rxh3+ 44. Kg4 Rxf7 45. exf7 Rh4+ 46. Kg3 Rf4 47. Kxf4 g5+ 48. Kf5 Kg7 49. Ke6 Kf8 50. c4 1-0

[Event "Rewal op-A 18th"]
[Site "Rewal"]
[Date "2013.08.28"]
[Round "8"]
[White "Wacior, Maciej"]
[Black "Jacek, Krystian"]
[Result "1/2-1/2"]
[WhiteElo "1797"]
[BlackElo "2166"]
[PlyCount "102"]
[EventDate "2013.08.20"]
[EventType "swiss"]
[EventRounds "9"]
[EventCountry "POL"]
[SourceTitle "CBM 156 Extra"]
[Source "ChessBase"]
[SourceDate "2013.10.22"]
[SourceVersion "1"]
[SourceVersionDate "2013.10.22"]
[SourceQuality "1"]

1. d4 c5 2. c3 Nf6 3. Nf3 Qc7 4. Bg5 Ne4 5. e3 cxd4 6. exd4 Nxg5 7. Nxg5 h6 8. Nf3 g6 9. Bd3 Bg7 10. 0-0 0-0 11. Re1 d6 12. Nbd2 e5 13. dxe5 dxe5 14. Qb3 Nc6 15. Bc4 Na5 16. Qb4 Nc6 17. Qb3 Bg4 18. Bd5 Rad8 19. Qc4 Qd7 20. Bxc6 bxc6 21. h3 Be6 22. Qe2 Rfe8 23. Ne4 Qe7 24. Ng3 Bc8 25. Rad1 Rxd1 26. Rxd1 Qe6 27. b3 f5 28. Qd2 e4 29. Nd4 Qf6 30. Nde2 Bf8 31. Qe3 Qf7 32. f4 exf3 33. Qxf3 Bb7 34. Qf4 c5 35. Nc1 g5 36. Qxf5 Qxf5 37. Nxf5 Re5 38. Ng3 c4 39. bxc4 Ba6 40. Nb3 Bxc4 41. Rd7 Bf7 42. Nd4 Ra5 43. Ngf5 Bg6 44. g4 Bxf5 45. Nxf5 Rxa2 46. Ne7+ Kf7 47. Nf5+ Kf6 48. Rc7 h5 49. gxh5 Kxf5 50. Rf7+ Ke4 51. Rxf8 Ra6 1/2-1/2

[Event "Rewal op-A 18th"]
[Site "Rewal"]
[Date "2013.08.24"]
[Round "5"]
[White "Jacek, Krystian"]
[Black "Tokarski, Lukasz"]
[Result "0-1"]
[WhiteElo "2166"]
[BlackElo "2270"]
[PlyCount "62"]
[EventDate "2013.08.20"]
[EventType "swiss"]
[EventRounds "9"]
[EventCountry "POL"]
[SourceTitle "CBM 156 Extra"]
[Source "ChessBase"]
[SourceDate "2013.10.22"]
[SourceVersion "1"]
[SourceVersionDate "2013.10.22"]
[SourceQuality "1"]

1. e4 e5 2. Nf3 Nc6 3. Bb5 a6 4. Ba4 Nf6 5. 0-0 b5 6. Bb3 Bc5 7. d3 0-0 8. a4 Rb8 9. axb5 axb5 10. Nc3 h6 11. Nd5 d6 12. h3 Nxd5 13. Bxd5 Ne7 14. Bb3 Ng6 15. c3 Qf6 16. d4 Bb6 17. Be3 Nf4 18. Bxf4 Qxf4 19. Re1 Re8 20. Qd3 Bb7 21. Bc2 Re6 22. Kf1 Rg6 23. dxe5 dxe5 24. Qxb5 Bxf2 25. Qxe5 Qg3 26. Qxg3 Bxg3 27. Reb1 Re6 28. Nd4 Rf6+ 29. Kg1 Re8 30. Nf5 Rxf5 31. exf5 Re2 0-1

[Event "Rewal op-A 18th"]
[Site "Rewal"]
[Date "2013.08.21"]
[Round "2"]
[White "Stachowiak, Kamil"]
[Black "Jacek, Krystian"]
[Result "1-0"]
[WhiteElo "2470"]
[BlackElo "2166"]
[PlyCount "45"]
[EventDate "2013.08.20"]
[EventType "swiss"]
[EventRounds "9"]
[EventCountry "POL"]
[SourceTitle "CBM 156 Extra"]
[Source "ChessBase"]
[SourceDate "2013.10.22"]
[SourceVersion "1"]
[SourceVersionDate "2013.10.22"]
[SourceQuality "1"]

1. d4 Nf6 2. Nf3 g6 3. g3 Bg7 4. Bg2 0-0 5. 0-0 d6 6. c4 c5 7. Nc3 Na6 8. h3 Nc7 9. dxc5 dxc5 10. Be3 Ne6 11. Qxd8 Rxd8 12. Rfd1 Rxd1+ 13. Rxd1 Nd7 14. Nd5 Kf8 15. Ng5 Nxg5 16. Bxg5 e6 17. Be7+ Kg8 18. Nc7 Rb8 19. Nb5 Bf8 20. Bxf8 Kxf8 21. Nxa7 Ke7 22. Nxc8+ Rxc8 23. Bxb7 1-0

[Event "Rewal op-A 18th"]
[Site "Rewal"]
[Date "2013.08.20"]
[Round "1"]
[White "Jacek, Krystian"]
[Black "Mucha, Magdalena"]
[Result "1-0"]
[WhiteElo "2166"]
[BlackElo "1955"]
[PlyCount "87"]
[EventDate "2013.08.20"]
[EventType "swiss"]
[EventRounds "9"]
[EventCountry "POL"]
[SourceTitle "CBM 156 Extra"]
[Source "ChessBase"]
[SourceDate "2013.10.22"]
[SourceVersion "1"]
[SourceVersionDate "2013.10.22"]
[SourceQuality "1"]

1. e4 c5 2. Nf3 Nc6 3. d4 cxd4 4. Nxd4 Nf6 5. Nc3 e5 6. Ndb5 h6 7. Nd6+ Bxd6 8. Qxd6 Qe7 9. Qxe7+ Kxe7 10. Be3 d6 11. 0-0-0 Be6 12. f3 Rhd8 13. a3 Kf8 14. Nb5 d5 15. exd5 Rxd5 16. Rxd5 Nxd5 17. Bc5+ Kg8 18. c4 Nf6 19. b3 Bd7 20. Kb2 b6 21. Be3 Nd8 22. Nc3 Ne6 23. Bd3 Bc6 24. b4 Rd8 25. Rd1 Kf8 26. a4 Ke7 27. a5 Nd7 28. Be4 Bxe4 29. Nxe4 bxa5 30. bxa5 Rb8+ 31. Kc3 Rb7 32. Nd6 Rb8 33. Bxa7 Ra8 34. Nb5 Nd8 35. Bb6 Nc6 36. Nc7 Rb8 37. Nd5+ Ke6 38. c5 Nd4 39. Nc7+ Ke7 40. a6 Rc8 41. a7 Nb5+ 42. Kb4 Nxc7 43. Bxc7 Ke8 44. Rxd7 1-0

[Event "Police Gniota Memorial 28th"]
[Site "Police"]
[Date "2013.07.10"]
[Round "1"]
[White "Jacek, Krystian"]
[Black "Shishkin, Vadim"]
[Result "1/2-1/2"]
[WhiteElo "2139"]
[BlackElo "2509"]
[PlyCount "87"]
[EventDate "2013.07.10"]
[EventType "swiss"]
[EventRounds "9"]
[EventCountry "POL"]
[SourceTitle "CBM 155 Extra"]
[Source "ChessBase"]
[SourceDate "2013.08.26"]
[SourceVersion "1"]
[SourceVersionDate "2013.08.26"]
[SourceQuality "1"]

1. e4 c5 2. Nf3 Nc6 3. d4 cxd4 4. Nxd4 Nf6 5. Nc3 d6 6. Bg5 Bd7 7. Qd2 h6 8. Bxf6 gxf6 9. 0-0-0 Nxd4 10. Qxd4 Qa5 11. f4 Rc8 12. Kb1 Qc5 13. Qd3 Bg7 14. f5 h5 15. Be2 h4 16. g3 Bh6 17. Nd5 Bg5 18. Rhf1 a5 19. c3 b5 20. Rf3 hxg3 21. hxg3 Rh6 22. Rff1 Bc6 23. Rh1 Rxh1 24. Rxh1 Kd7 25. b4 axb4 26. Nxb4 Qe5 27. Nxc6 Kxc6 28. a4 Kb6 29. Kb2 Rc4 30. Rh8 Qxe4 31. Qxe4 Rxe4 32. Bxb5 Be3 33. Rf8 Bf2 34. Rxf7 Bxg3 35. Bd7 Re3 36. c4 Ka5 37. Be6 Be5+ 38. Kc2 Kxa4 39. Rxe7 Kb4 40. Rb7+ Kc5 41. Rb3 Re1 42. Rb1 Re2+ 43. Kd3 Rb2 44. Rxb2 1/2-1/2

[Event "Lazy op 9th"]
[Site "Lazy"]
[Date "2013.07.08"]
[Round "9"]
[White "Majdan, Joanna"]
[Black "Jacek, Krystian"]
[Result "1-0"]
[WhiteElo "2375"]
[BlackElo "2139"]
[PlyCount "49"]
[EventDate "2013.06.30"]
[EventType "swiss"]
[EventRounds "9"]
[EventCountry "POL"]
[SourceTitle "CBM 155 Extra"]
[Source "ChessBase"]
[SourceDate "2013.08.26"]
[SourceVersion "1"]
[SourceVersionDate "2013.08.26"]
[SourceQuality "1"]

1. e4 c5 2. Nf3 e6 3. d4 cxd4 4. Nxd4 a6 5. Nc3 Qc7 6. Bd3 Nc6 7. Be3 Nf6 8. 0-0 Ne5 9. h3 Bc5 10. Kh1 d6 11. Qe1 Bd7 12. f4 Ng6 13. f5 Ne5 14. Qh4 Qb6 15. Nce2 0-0-0 16. fxe6 fxe6 17. b4 Qxb4 18. Rfb1 Qa4 19. Qe1 Nxd3 20. cxd3 e5 21. Nc3 Qa3 22. Nb3 Bc6 23. Bc1 Qb4 24. Nxc5 Qxc5 25. Be3 1-0

[Event "Lazy op 9th"]
[Site "Lazy"]
[Date "2013.07.06"]
[Round "7.11"]
[White "Suliborski, Jakub"]
[Black "Jacek, Krystian"]
[Result "0-1"]
[WhiteElo "2007"]
[BlackElo "2139"]
[PlyCount "70"]
[EventDate "2013.06.30"]
[EventType "swiss"]
[EventRounds "9"]
[EventCountry "POL"]
[SourceTitle "EXT 2023"]
[Source "ChessBase"]
[SourceDate "2022.10.05"]
[SourceVersion "1"]
[SourceVersionDate "2022.10.05"]
[SourceQuality "1"]

1. d4 Nf6 2. Nc3 c5 3. d5 d6 4. e4 g6 5. Bg5 Bg7 6. Qd2 h6 7. Bh4 a6 8. a4 Qa5 9. Ra3 g5 10. Bg3 Nbd7 11. Be2 Nf8 12. Nf3 Ng6 13. 0-0 Nh5 14. Nd1 Qc7 15. b4 Nhf4 16. e5 cxb4 17. exd6 Qxd6 18. Re3 Qxd5 19. Qxb4 Be6 20. Bd3 Nxd3 21. Rxd3 Qc4 22. Qxb7 0-0 23. Qb3 Qc8 24. Qa3 Bc4 25. Ne3 Bxd3 26. cxd3 Qc3 27. Qxc3 Bxc3 28. Nd5 Bg7 29. h4 Rad8 30. Nb4 g4 31. Ne1 h5 32. Nxa6 Ra8 33. Nc5 Rfc8 34. Nd7 Bd4 35. Bh2 Ra7 0-1

[Event "Lazy op 9th"]
[Site "Lazy"]
[Date "2013.06.30"]
[Round "1"]
[White "Galaktionov, Artem"]
[Black "Jacek, Krystian"]
[Result "1/2-1/2"]
[WhiteElo "1943"]
[BlackElo "2139"]
[PlyCount "117"]
[EventDate "2013.06.30"]
[EventType "swiss"]
[EventRounds "9"]
[EventCountry "POL"]
[SourceTitle "CBM 155 Extra"]
[Source "ChessBase"]
[SourceDate "2013.08.26"]
[SourceVersion "1"]
[SourceVersionDate "2013.08.26"]
[SourceQuality "1"]

1. e4 g6 2. Nf3 Bg7 3. Bc4 d6 4. 0-0 Nf6 5. Nc3 0-0 6. d4 Nc6 7. h3 Nd7 8. a3 h6 9. Be3 e5 10. dxe5 Ndxe5 11. Nxe5 Nxe5 12. Bb3 Be6 13. Bd5 Bxd5 14. Qxd5 c6 15. Qb3 b5 16. Rad1 Nc4 17. Bd4 Qg5 18. Nb1 Bxd4 19. Rxd4 Qe5 20. c3 c5 21. Rdd1 Qxe4 22. Nd2 Qf4 23. Nxc4 bxc4 24. Qc2 Rab8 25. Rd2 Rb6 26. Qd1 Rfb8 27. Qe2 d5 28. Rxd5 Rxb2 29. Qe7 Kg7 30. Rxc5 Rxf2 31. Qe5+ Qxe5 32. Rxe5 Rxf1+ 33. Kxf1 Rb3 34. Ra5 Rxc3 35. Rxa7 Rc2 36. Rc7 c3 37. a4 Ra2 38. Rxc3 Rxa4 39. Kf2 g5 40. Rc5 Kg6 41. Rc6+ f6 42. Kf3 Rf4+ 43. Kg3 h5 44. Rb6 h4+ 45. Kh2 Rf1 46. Rb5 Re1 47. Rc5 Re5 48. Rc6 Kf5 49. Kg1 Re6 50. Rc5+ Kf4 51. Kf2 f5 52. Rc4+ Re4 53. Rc2 Ra4 54. Re2 Ra3 55. Rb2 Ra4 56. Rc2 g4 57. hxg4 fxg4 58. g3+ hxg3+ 59. Kg2 1/2-1/2

[Event "Miedzyzdroje op 3rd"]
[Site "Miedzyzdroje"]
[Date "2013.05.04"]
[Round "8"]
[White "Jacek, Krystian"]
[Black "Urbanski, Grzegorz"]
[Result "1-0"]
[WhiteElo "2098"]
[BlackElo "2182"]
[PlyCount "61"]
[EventDate "2013.04.27"]
[EventType "swiss"]
[EventRounds "9"]
[EventCountry "POL"]
[SourceTitle "CBM 154 Extra"]
[Source "ChessBase"]
[SourceDate "2013.06.25"]
[SourceVersion "2"]
[SourceVersionDate "2013.06.25"]
[SourceQuality "1"]

1. e4 e6 2. d3 d5 3. Nd2 Nf6 4. Ngf3 c5 5. g3 Nc6 6. Bg2 Be7 7. 0-0 b5 8. Re1 Bb7 9. e5 Nd7 10. Nf1 h6 11. Qe2 g5 12. h3 Qc7 13. c3 a5 14. N1h2 0-0-0 15. d4 c4 16. Nd2 h5 17. Bf3 h4 18. Bg2 Rde8 19. Ndf1 Kb8 20. Ng4 Bc8 21. b3 Nb6 22. bxc4 bxc4 23. Rb1 Ka7 24. Be3 Reg8 25. Qd2 Rg6 26. Nfh2 Nd7 27. Nf3 hxg3 28. fxg3 f5 29. exf6 Nxf6 30. Nge5 Ne4 31. Nxc6+ 1-0

[Event "Kochan Memorial op 23rd"]
[Site "Koszalin"]
[Date "2012.08.17"]
[Round "8"]
[White "Jacek, Krystian"]
[Black "Kudas, Damian"]
[Result "1-0"]
[WhiteElo "2071"]
[BlackElo "2098"]
[PlyCount "91"]
[EventDate "2012.08.11"]
[EventType "swiss"]
[EventRounds "9"]
[EventCountry "POL"]
[SourceTitle "CBM 149 Extra"]
[Source "ChessBase"]
[SourceDate "2012.08.24"]
[SourceVersion "1"]
[SourceVersionDate "2012.08.24"]
[SourceQuality "1"]

1. e4 c5 2. Nf3 Nc6 3. Nc3 Nf6 4. d4 cxd4 5. Nxd4 e5 6. Ndb5 d6 7. a4 a6 8. Na3 Be6 9. Bc4 Be7 10. Bg5 Nb4 11. Bxf6 Bxf6 12. 0-0 Rc8 13. Nd5 Nxd5 14. Bxd5 Qc7 15. c3 0-0 16. Qb3 Bxd5 17. Qxd5 Qc6 18. Rfd1 Be7 19. Nc2 Qxd5 20. Rxd5 g6 21. Ne3 f5 22. exf5 gxf5 23. f4 Bd8 24. Rxd6 Bc7 25. Re6 Kf7 26. Rh6 Kg7 27. Rh3 Bb6 28. Kf1 Bxe3 29. Rxe3 exf4 30. Re7+ Rf7 31. Rxf7+ Kxf7 32. Rd1 Ke6 33. Rd4 Rc6 34. Rb4 b6 35. Rxf4 Rd6 36. Rh4 Ke5 37. Rxh7 Rd2 38. Re7+ Kf4 39. Re2 Rd1+ 40. Kf2 Ra1 41. Re6 Rxa4 42. Rxb6 a5 43. g3+ Kg5 44. Kf3 Ra1 45. h4+ Kh5 46. Rf6 1-0

[Event "Kochan Memorial op 23rd"]
[Site "Koszalin"]
[Date "2012.08.14"]
[Round "4"]
[White "Jacek, Krystian"]
[Black "Weichhold, Pawel"]
[Result "0-1"]
[WhiteElo "2071"]
[BlackElo "2365"]
[PlyCount "132"]
[EventDate "2012.08.11"]
[EventType "swiss"]
[EventRounds "9"]
[EventCountry "POL"]
[SourceTitle "CBM 149 Extra"]
[Source "ChessBase"]
[SourceDate "2012.08.24"]
[SourceVersion "1"]
[SourceVersionDate "2012.08.24"]
[SourceQuality "1"]

1. e4 c5 2. Nf3 d6 3. d4 cxd4 4. Nxd4 Nf6 5. Nc3 a6 6. Bg5 e6 7. f4 Be7 8. Qf3 Qc7 9. 0-0-0 Nbd7 10. g4 h6 11. Bxf6 Bxf6 12. h4 Qb6 13. Nb3 Be7 14. Kb1 Nc5 15. g5 Bd7 16. g6 0-0 17. gxf7+ Rxf7 18. Bh3 Bf6 19. Nxc5 Qxc5 20. Qd3 Bxc3 21. Qxc3 Qxc3 22. bxc3 d5 23. exd5 exd5 24. Rxd5 Bxh3 25. Rxh3 Raf8 26. h5 Rxf4 27. Kb2 R8f6 28. Rd8+ Kh7 29. Rd7 Rf7 30. Rd4 R4f5 31. c4 Rc7 32. Rd5 Rc5 33. Rxf5 Rxf5 34. Rb3 Rxh5 35. Rxb7 Rc5 36. Kb3 h5 37. Kb4 Rc8 38. c5 h4 39. Kc4 Kg6 40. Rb1 Kh5 41. Kd5 g5 42. c6 g4 43. Kd6 g3 44. c7 g2 45. Kd7 Rg8 46. Rg1 h3 47. c4 Kg4 48. c5 Kf3 49. c6 h2 50. Rxg2 Kxg2 51. c8Q Rxc8 52. Kxc8 h1Q 53. c7 Qb1 54. Kd7 Qb5+ 55. Kd8 Qd5+ 56. Ke7 Qe4+ 57. Kd8 Qh4+ 58. Kd7 Qg4+ 59. Kd8 Qg8+ 60. Kd7 Qd5+ 61. Ke7 Qc6 62. Kd8 Qd6+ 63. Kc8 a5 64. a4 Qb4 65. Kd8 Qh4+ 66. Kc8 Qxa4 0-1

[Event "Rewal op-B 17th"]
[Site "Rewal"]
[Date "2012.08.??"]
[Round "3"]
[White "Jacek, Krystian"]
[Black "Jewulski, Krzysztof"]
[Result "1-0"]
[WhiteElo "2071"]
[BlackElo "1950"]
[PlyCount "133"]
[EventDate "2012.08.20"]
[EventType "swiss"]
[EventRounds "9"]
[EventCountry "POL"]
[SourceTitle "EXT 2014"]
[Source "ChessBase"]
[SourceDate "2013.11.20"]
[SourceVersion "1"]
[SourceVersionDate "2013.11.20"]
[SourceQuality "1"]

1. e4 e5 2. Nf3 Nf6 3. Nxe5 d6 4. Nf3 Nxe4 5. Nc3 Nxc3 6. dxc3 Be7 7. Bf4 0-0 8. Qd2 Nc6 9. 0-0-0 Bg4 10. Be2 Bf6 11. h3 Bh5 12. g4 Bg6 13. h4 Be4 14. Rh3 Be5 15. Ng5 f5 16. Ne6 Qc8 17. Nxf8 fxg4 18. Rg3 Qxf8 19. Bxe5 Nxe5 20. Bxg4 Qf6 21. Qe3 Bc6 22. Be2 Qxh4 23. Rdg1 Ng6 24. Bd3 Re8 25. Qd4 Qxd4 26. cxd4 Be4 27. Re3 Bc6 28. Bxg6 hxg6 29. Rxe8+ Bxe8 30. Kd2 Kf7 31. Ke3 Kf6 32. Rh1 g5 33. Rh8 Ke7 34. Kf3 Bd7 35. Ra8 a6 36. Rb8 a5 37. d5 b6 38. Ke4 g6 39. Kd4 Bf5 40. c3 Kd7 41. b4 c5+ 42. bxc5 bxc5+ 43. Kc4 Kc7 44. Rb5 a4 45. Ra5 Bd7 46. Ra7+ Kc8 47. a3 Kd8 48. Ra8+ Ke7 49. Ra7 Kd8 50. Rxd7+ Kxd7 51. Kb5 Kc7 52. Kxa4 c4 53. f3 g4 54. fxg4 g5 55. Kb5 Kb7 56. Kxc4 Ka6 57. Kb4 Kb6 58. c4 Ka6 59. c5 dxc5+ 60. Kxc5 Kb7 61. Kd6 Kb6 62. Ke7 Kc5 63. d6 Kc4 64. d7 Kb3 65. d8Q Kxa3 66. Qd2 Kb3 67. Qxg5 1-0

[Event "Rewal op-B 17th"]
[Site "Rewal"]
[Date "2012.08.??"]
[Round "5"]
[White "Jacek, Krystian"]
[Black "Kuspak, Aleksander"]
[Result "1/2-1/2"]
[WhiteElo "2071"]
[BlackElo "1866"]
[PlyCount "41"]
[EventDate "2012.08.20"]
[EventType "swiss"]
[EventRounds "9"]
[EventCountry "POL"]
[SourceTitle "EXT 2014"]
[Source "ChessBase"]
[SourceDate "2013.11.20"]
[SourceVersion "1"]
[SourceVersionDate "2013.11.20"]
[SourceQuality "1"]

1. e4 c5 2. Nf3 e6 3. d4 cxd4 4. Nxd4 a6 5. Bd3 d6 6. 0-0 Nf6 7. Nc3 Be7 8. Be3 Nbd7 9. f4 Qc7 10. Qf3 g6 11. Kh1 e5 12. Nb3 b5 13. a4 b4 14. Na2 Rb8 15. Qe2 0-0 16. Rac1 Qc6 17. a5 Re8 18. Bd2 d5 19. exd5 Nxd5 20. f5 N7f6 21. Rce1 1/2-1/2

[Event "Rewal op-B 17th"]
[Site "Rewal"]
[Date "2012.08.??"]
[Round "6"]
[White "Murawko, Katarzyna"]
[Black "Jacek, Krystian"]
[Result "1-0"]
[WhiteElo "1859"]
[BlackElo "2071"]
[PlyCount "77"]
[EventDate "2012.08.20"]
[EventType "swiss"]
[EventRounds "9"]
[EventCountry "POL"]
[SourceTitle "EXT 2014"]
[Source "ChessBase"]
[SourceDate "2013.11.20"]
[SourceVersion "1"]
[SourceVersionDate "2013.11.20"]
[SourceQuality "1"]

1. e4 c5 2. Nf3 e6 3. d4 cxd4 4. Nxd4 Nc6 5. Be3 Qc7 6. Bd3 Nf6 7. 0-0 a6 8. c4 Ne5 9. Qe2 Neg4 10. Nf3 Nxe3 11. Qxe3 d6 12. Nc3 Be7 13. h3 0-0 14. g4 Nd7 15. Rac1 Qb8 16. Nd2 b6 17. b4 Bb7 18. a3 Re8 19. Qg3 Qd8 20. f4 Rc8 21. g5 e5 22. h4 exf4 23. Qxf4 Ne5 24. Be2 Rf8 25. Bg4 Rc7 26. Be2 f6 27. Qe3 Rc8 28. Nd5 Bxd5 29. exd5 fxg5 30. Rxf8+ Kxf8 31. c5 bxc5 32. bxc5 Nf7 33. c6 gxh4 34. Bxa6 Bg5 35. Qf2 Rc7 36. Rb1 Qe8 37. Nc4 Qe4 38. Rb8+ Ke7 39. Qxf7+ 1-0

[Event "POL-chT U19 2nd League"]
[Site "Borowice"]
[Date "2012.07.21"]
[Round "1"]
[White "Jacek, Krystian"]
[Black "Paszewski, Mateusz"]
[Result "1/2-1/2"]
[WhiteElo "2074"]
[BlackElo "2028"]
[PlyCount "81"]
[EventDate "2012.07.21"]
[EventType "team-swiss"]
[EventRounds "11"]
[EventCountry "POL"]
[SourceTitle "EXT 2014"]
[Source "ChessBase"]
[SourceDate "2013.11.20"]
[SourceVersion "1"]
[SourceVersionDate "2013.11.20"]
[SourceQuality "1"]
[WhiteTeam "Szczecin Gryf U19"]
[BlackTeam "Czestochowa UKS Hetman U19"]
[WhiteTeamCountry "POL"]
[BlackTeamCountry "POL"]

1. e4 g6 2. d4 Bg7 3. Nc3 c5 4. Nf3 cxd4 5. Nxd4 Nc6 6. Be3 Nf6 7. Bc4 0-0 8. Bb3 a5 9. f3 d5 10. exd5 Nb4 11. Ndb5 a4 12. Nxa4 Nfxd5 13. Bd2 Bd7 14. Nac3 Bxb5 15. Nxb5 Bxb2 16. Rb1 Bg7 17. a3 Nc6 18. Qe2 Nc7 19. a4 Nxb5 20. Qxb5 Qc7 21. 0-0 Nd4 22. Qc4 Qxc4 23. Bxc4 Rxa4 24. Bd3 Rc8 25. Rxb7 e6 26. Rfb1 Raa8 27. Be4 f5 28. Rxg7+ Kxg7 29. Bxa8 Rxa8 30. Rb7+ Kf6 31. Rd7 e5 32. Rd6+ Ne6 33. Rc6 Rd8 34. Bc3 f4 35. Kf2 Rd5 36. Rc4 Kf5 37. g4+ fxg3+ 38. hxg3 h5 39. Ke3 Rc5 40. Rxc5 Nxc5 41. Bd2 1/2-1/2

[Event "Police Gniota Memorial 27th"]
[Site "Police"]
[Date "2012.07.17"]
[Round "7"]
[White "Jacek, Krystian"]
[Black "Musialkiewicz, Pawel"]
[Result "0-1"]
[WhiteElo "2074"]
[BlackElo "2090"]
[PlyCount "70"]
[EventDate "2012.07.11"]
[EventType "swiss"]
[EventRounds "9"]
[EventCountry "POL"]
[SourceTitle "CBM 149 Extra"]
[Source "ChessBase"]
[SourceDate "2012.08.24"]
[SourceVersion "1"]
[SourceVersionDate "2012.08.24"]
[SourceQuality "1"]

1. e4 e6 2. d4 d5 3. Nd2 Nc6 4. Ngf3 Nf6 5. e5 Nd7 6. c3 f6 7. Bb5 fxe5 8. dxe5 Be7 9. Nb3 0-0 10. Bxc6 bxc6 11. Nbd4 Nb8 12. 0-0 c5 13. Ne2 Bb7 14. Nf4 Qd7 15. h4 Nc6 16. Re1 Rf5 17. g4 Rf7 18. Kh2 Raf8 19. Kg3 d4 20. Qd3 Nb8 21. Ng5 Bxg5 22. hxg5 Qc6 23. f3 g6 24. c4 Qd7 25. Bd2 Qe7 26. Rf1 Qxg5 27. Nh3 Qxe5+ 28. f4 Qd6 29. Ng5 Re7 30. Rae1 Nd7 31. Ne4 Qc6 32. Rf2 e5 33. f5 gxf5 34. gxf5 Nf6 35. Bg5 Rg7 0-1